| 000 | 00769cam3a220022900 4500 | ||
|---|---|---|---|
| 001 | qce01649588 | ||
| 005 | 20190814131553.0 | ||
| 008 | 830812s1976 njua b 000 0 eng d | ||
| 035 | _a(Sirsi) r24187 | ||
| 035 | _a(QCAT)lss03847283 | ||
| 035 | _a(UPRA)qce01649588 | ||
| 040 | _dUPRA | ||
| 100 | 1 |
_aKratzer, Guy L. _6A86439.1 |
|
| 245 | 1 | 4 |
_aThe Reed & Carnrick manual on the office management of colon and rectal diseases / _cGuy L. Kratzer. |
| 260 |
_aKenilworth, NJ : _bReed & Carnick, _c1976. |
||
| 504 | _aIncludes bibliographical references. | ||
| 650 | 2 |
_aColon _6S62206.1 |
|
| 650 | 2 |
_aRectum _6S62207.1 |
|
| 740 | 0 | _aManual on the office management of colon and rectal diseases. | |
| 949 |
_aRC860 _wLC _i-23732 _mMEDICAL _tBOOK _lON-SHELF |
||
| 004 | 24187 | ||
| 999 |
_c55011 _d55011 |
||